000 00522nam a2200217Ia 4500
008 101110s9999 xx 000 0 und d
041 _aENGLISH
082 _bJR5373
100 _aRaichura U.B & ohers
245 _aSteps in biology
260 _c2007
_bNeelkanth Prakashan,Mumbai
300 _a330
365 _b98
520 _aBiology/Zoology
546 _aENGLISH
630 _aSteps in biology
650 _aBiology/Zoology
655 _aBiology/Zoology
730 _aSteps in biology
942 _cBOOK
999 _c796168
_d796165